|
|
|
|
| LEADER |
00000nam a2200000Ii 4500 |
| 001 |
DIGUAZUAY0032 |
| 003 |
NyNyDIG |
| 006 |
m o d |
| 007 |
cr ||||||||||| |
| 008 |
251104s2018 ec ob 100 0 spa d |
| 035 |
|
|
|a (OCoLC)1548425705
|
| 040 |
|
|
|a DGITA
|b eng
|e rda
|e pn
|c DGITA
|
| 020 |
|
|
|a 9789942778604
|q eBook
|
| 020 |
|
|
|z 9789942778598
|
| 041 |
0 |
|
|a spa
|b spa
|b eng
|
| 050 |
1 |
4 |
|a HB615 ebook
|
| 111 |
2 |
|
|a Foro Internacional del Emprendedor
|n (15th :
|d 2018 :
|c Cuenca, Ecuador)
|
| 245 |
1 |
0 |
|a Memorias del XIV Foro Internacional del Emprendedor :
|b emprendimientos de base tecnológica y valor agregado /
|c editores, Oswaldo Merchán Manzano, Gabriela Duque Espinoza, Wilson Araque Jaramillo.
|
| 246 |
3 |
0 |
|a Emprendimientos de base tecnológica y valor agregado
|
| 264 |
|
1 |
|a Cuenca, Ecuador :
|b Universidad del Azuay, Casa Editora,
|c [2018]
|
| 300 |
|
|
|a 1 online resource.
|
| 336 |
|
|
|a text
|b txt
|2 rdacontent
|
| 337 |
|
|
|a computer
|b c
|2 rdamedia
|
| 338 |
|
|
|a online resource
|b cr
|2 rdacarrier
|
| 347 |
|
|
|a text file
|2 rdaft
|
| 347 |
|
|
|b PDF
|
| 500 |
|
|
|a Subtitle taken from cover.
|
| 504 |
|
|
|a Includes bibliographical references.
|
| 546 |
|
|
|a Text in Spanish with abstract in Spanish and English.
|
| 588 |
0 |
|
|a Online resource; title from PDF title page (Digitalia, viewed November 4, 2025)
|
| 650 |
|
0 |
|a Entrepreneurship
|v Congresses.
|
| 700 |
1 |
|
|a Merchán Manzano, Oswaldo,
|e editor.
|
| 700 |
1 |
|
|a Duque Espinoza, Gabriela,
|e editor.
|
| 700 |
1 |
|
|a Araque Jaramillo, Wilson,
|e editor.
|
| 791 |
2 |
|
|a Digitalia (Firm),
|e distributor.
|
| 793 |
0 |
|
|g Digitalia eBook Collection:
|a Universidad del Azuay
|
| 776 |
0 |
8 |
|i Print version:
|a Foro Internacional del Emprendedor (15th : 2018 : Cuenca, Ecuador).
|t Memorias del XIV Foro Internacional del Emprendedor.
|d Cuenca, Ecuador : Universidad del Azuay, Casa Editora, [2018]
|z 9789942778598
|
| 856 |
4 |
0 |
|3 Digitalia Hispánica
|u https://www.digitaliapublishing.com/a/133415/
|
| 910 |
|
|
|a Premium collection: 2025
|